Pojistný trh

Recenzia na knihu Čejková, V.: Poistný trh, vydavateľstvo Grada Publishing, s.r.o. v Čechách. Knižná publikácia má prispieť k vyjasneniu a charakteristike vzťahov na finančnom a poistnom trhu. Obsahuje teoretické aspekty poistného trhu, prezentuje ukazovatele úrovne poistného trhu a rozoberá poistný...

Descripción completa

Guardado en:
Detalles Bibliográficos
Autor principal: Drugdová, Barbora
Formato: Capítulo de libro
Lenguaje:eslovaco
Materias:
Etiquetas: Agregar Etiqueta
Sin Etiquetas, Sea el primero en etiquetar este registro!

MARC

LEADER 00000naa a2200000 4500
001 r046880
005 20230918114717.8
041 0 |a slo 
044 |a SK 
245 1 0 |a Pojistný trh  |c Barbora Drugdová 
520 |a Recenzia na knihu Čejková, V.: Poistný trh, vydavateľstvo Grada Publishing, s.r.o. v Čechách. Knižná publikácia má prispieť k vyjasneniu a charakteristike vzťahov na finančnom a poistnom trhu. Obsahuje teoretické aspekty poistného trhu, prezentuje ukazovatele úrovne poistného trhu a rozoberá poistný trh EÚ. Súčasťou publikácie je 7 príloh, ktoré rozširujú informácie a poznatky z oblasti poisťovníctva. 
610 2 0 |a trh poistný 
610 2 0 |a trh finančný 
610 2 0 |a Česko 
610 2 0 |a recenzie 
100 1 |a Drugdová, Barbora